Premières paroles - Michel Sardou - Statistiques

Statistiques générales
  • Ce quiz a été pris 253 fois
  • Le résultat moyen est 11 sur 20
Statistiques - réponses
Paroles Chanson % Correct
Quand j'étais petit garçon Je repassais mes leçons En chantant
96%
À faire pâlir tous les Marquis de Sade Je vais t'aimer
95%
Dans un voyage en absurdie que je fais lorsque je m'ennuie Etre une femme
84%
Quand je pense à la vieille anglaise Qu'on appelait le "Queen Mary" Le France
83%
Je suis arrivé un beau matin du mois de mai Le rire du sergent
75%
Rouge
Comme un soleil couchant
De Méditerranée
Rouge
70%
J'ai dans le coeur, quelque part, De la mélancolie, Je viens du sud
68%
On vient de marier le dernier Les vieux mariés
60%
Y'en a qui disent que les Français vivent d'amour et de vin frais J'habite en France
56%
Un vent de Sibérie souffle sur la Bohème Vladimir Ilitch
56%
J'ai marché Madison, la Cinquième et Central Park. Chanteur de Jazz
49%
Vous aviez quoi 17 ans, 19 ans Le bac G
45%
Le ciel est si bas sur les dunes Que l'on croirait toucher la lune Musulmanes
45%
Je me souviens d'un arbre, je me souviens du vent La rivière de notre enfance
44%
En ce temps-là Monsieur le surveillant des classes secondaires Le Surveillant général
41%
Je n'imaginais pas les cheveux de ma mère Autrement que gris-blanc Une fille aux yeux clairs
41%
Des cathédrales crevant le ciel comme des épées L'an mil
28%
Dans la cohue du temps qui passe Musica
24%
Un soir de mai de courant d'air Dans les secrets du Vatican San Lorenzo
13%
J'vais vous raconter c'qui m'est arrivé La première fois qu'je suis sorti de mon parc en bois Interdit aux bébés
11%
Aucun quiz correspondant
Distribution des résultats
% des personnes avec chaque résultat
Percentile par nombre de réponses
Votre historique - résultats
Vous n’avez pas pris ce quiz